Statistics for Регистарске ознаке у Црној Гори

Click here to take the quiz!

General Stats

  • This quiz has been taken 894 times
    (221 since last reset)
  • The average score is 18 of 25

Answer Stats

ОзнакаОпштина% Correct
PGПодгорица
96%
BDБудва
94%
ULУлцињ
93%
NKНикшић
93%
BRБар
93%
HNХерцег Нови
88%
CTЦетиње
87%
KOКотор
86%
TVТиват
86%
ŽBЖабљак
85%
BPБијело Поље
81%
BAБеране
75%
PVПљевља
73%
DGДаниловград
71%
ZTЗета
67%
KLКолашин
64%
ROРожаје
63%
MKМојковац
60%
ANАндријевица
58%
Плужине
58%
TZТузи
57%
PLПлав
55%
ŠNШавник
51%
GSГусиње
46%
PTПетњица
31%

Score Distribution

Percentile by Number Answered

Percent of People with Each Score

Your Score History

You have not taken this quiz since the last reset